| 000 | 01022cam a22003373a 4500 | ||
|---|---|---|---|
| 001 | 12681385 | ||
| 003 | OSt | ||
| 005 | 20140310182009.0 | ||
| 008 | 010627s2001 nyua b 000 1 eng d | ||
| 010 | _a 2002562531 | ||
| 020 | _a0439204240 | ||
| 035 | _a(OCoLC)ocm47205489 | ||
| 040 |
_aWDG _cWDG _dDLC |
||
| 042 | _alccopycat | ||
| 050 | 0 | 0 |
_aPZ 10 _b.C287 2001 |
| 082 |
_aKF _bC21e 2001 |
||
| 100 | 1 |
_aCarmi, Rebecca. _95765 |
|
| 245 | 1 | 0 |
_aExpedition down under / _cRebecca Carmi. |
| 260 |
_aNew York : _bScholastic Inc, _cc2001. |
||
| 300 |
_a87 p. : _bill. ; _c19 cm. |
||
| 490 | 0 |
_aThe Magic school bus, a science chapter book ; _v#10 |
|
| 541 | _j1 | ||
| 562 | _e1 | ||
| 650 |
_aScience _xFiction. _95766 |
||
| 655 | 7 |
_aChildren's stories. _2lcsh _93012 |
|
| 700 | 1 |
_aSpeirs, John. _95524 |
|
| 710 | 2 |
_aCopyright Paperback Collection (Library of Congress) _5DLC _9705 |
|
| 906 |
_a7 _bcbc _ccopycat _d2 _encip _f20 _gy-genrareb |
||
| 942 |
_2lcc _cBK-KF _kKF |
||
| 999 |
_c8097 _d8097 |
||